Geography Quiz

Random Geography or World Quiz

Gimme Five: Countries Quiz Stats

 Plays Quiz Updated Jul 2, 2018

Score 0/45 Timer 05:00
2 Plays Today
Question Answer % Correct
Gimme the 5 countries that
start with D
Denmark
92%
Gimme the 5 countries that
completely own the largest islands
Denmark (Greenland)
92%
Gimme the 5 smallest countries
(by area)
Vatican City (0.44 km²)
91.3%
Gimme the 5 countries with the
highest points above sea level
Nepal (8,848 m)
80.3%
Gimme the 5 countries that
border the Caspian Sea
Russia
79.4%
Gimme the 5 smallest countries
(by area)
Monaco (2 km²)
77.6%
Gimme the 5 countries that border
the Republic of Congo
Democratic Republic of the Congo
76.8%
Gimme the 5 countries that
start with D
Democratic Republic of the Congo
76.8%
Gimme the 5 countries with the
highest points above sea level
China (8,848 m)
76.7%
Gimme the first 5 countries
alphabetically
Andorra
75.4%
Gimme the 5 countries with the
highest points above sea level
India (8,586 m)
72.5%
Gimme the 5 southernmost
landlocked countries
Lesotho
71.2%
Gimme the 5 smallest countries
(by area)
San Marino (61 km²)
69.8%
Gimme the first 5 countries
alphabetically
Albania
66.9%
Gimme the 5 countries that
start with D
Djibouti
64.9%
Gimme the 5 countries that border
the Republic of Congo
Angola
64.5%
Gimme the first 5 countries
alphabetically
Angola
64.5%
Gimme the first 5 countries
alphabetically
Afghanistan
64.2%
Gimme the first 5 countries
alphabetically
Algeria
61.6%
Gimme the 5 countries with the
highest points above sea level
Pakistan (8,611 m)
60.8%
Gimme the 5 countries that
completely own the largest islands
Canada (Baffin Island)
60.6%
Gimme the 5 southernmost
landlocked countries
Paraguay
60%
Gimme the 5 southernmost
landlocked countries
eSwatini
59.9%
Question Answer % Correct
Gimme the 5 countries that
border the Caspian Sea
Azerbaijan
58.9%
Gimme the 5 southernmost
landlocked countries
Bolivia
57%
Gimme the 5 countries that
start with D
Dominica
55.9%
Gimme the 5 countries that border
the Republic of Congo
Central African Republic
55.8%
Gimme the 5 countries whose
capitals begin with H
Finland (Helsinki)
55.7%
Gimme the 5 countries that
completely own the largest islands
Japan (Honshū)
53%
Gimme the 5 southernmost
landlocked countries
Botswana
52.9%
Gimme the 5 countries that
start with D
Dominican Republic
52.5%
Gimme the 5 countries with the
highest points above sea level
Bhutan (7,750 m)
51.8%
Gimme the 5 countries that
border the Caspian Sea
Kazakhstan
51.7%
Gimme the 5 countries that
border the Caspian Sea
Iran
50.6%
Gimme the 5 countries that
completely own the largest islands
Indonesia (Sumatra)
50.5%
Gimme the 5 countries that
border the Caspian Sea
Turkmenistan
49.3%
Gimme the 5 countries that border
the Republic of Congo
Cameroon
48.8%
Gimme the 5 countries whose
capitals begin with H
Cuba (Havana)
45.8%
Gimme the 5 countries that
completely own the largest islands
Madagascar (Madagascar)
44.6%
Gimme the 5 countries whose
capitals begin with H
Zimbabwe (Harare)
44.4%
Gimme the 5 smallest countries
(by area)
Nauru (21 km²)
43.9%
Gimme the 5 countries whose
capitals begin with H
Vietnam (Hanoi)
42.9%
Gimme the 5 countries that border
the Republic of Congo
Gabon
42.4%
Gimme the 5 smallest countries
(by area)
Tuvalu (26 km²)
35.4%
Gimme the 5 countries whose
capitals begin with H
Solomon Islands (Honiara)
22.8%

You're not logged in!

Compare scores with friends on all Sporcle quizzes.
OR
Log In

Sporcle TV

Today on Sporcle TV


Watch our educational content, quiz creation guides, and fun videos on Sporcle TV.

Show Comments

Extras

Top Quizzes Today


Score Distribution

Your Account Isn't Verified!

In order to create a playlist on Sporcle, you need to verify the email address you used during registration. Go to your Sporcle Settings to finish the process.

Report this User

Report this user for behavior that violates our Community Guidelines.

Details: